Statistics for Main Countries in WW2

Click here to take the quiz!

General Stats

  • This quiz has been taken 7,169 times
    (6,132 since last reset)
  • The average score is 13 of 16

Answer Stats

Hint Axis % Correct
AxisNazi Germany
98%
AlliesUnited Kingdom
98%
AlliesFrench Republic
97%
AxisItaly
97%
AxisJapanese Empire
97%
AxisVichy France
97%
AlliesUnited States of America
95%
AlliesUnion of Soviet Socialist Republics
94%
AlliesCanada
81%
AlliesChina
81%
AlliesAustralia
76%
AlliesPoland
74%
AxisHungary
65%
AxisRomania
63%
AxisBulgaria
56%
AxisFinland
55%

Score Distribution

Percentile by Number Answered

Percent of People with Each Score

Your Score History

You have not taken this quiz since the last reset